Akibat berbohong

Bibliographic Details
Format: Book
Published: Kuala Lumpur : Penerbitan Fargoes , 2005
Series:Cerita nasihat
Subjects:

MARC

LEADER 00000cam a2200000 7i4500
001 0000007048
005 20151222.0
008 070828
020 |a 983128335X 
090 0 0 |a JF   |b MOR JAW (6900) 
245 0 0 |a Akibat berbohong 
260 |a Kuala Lumpur :   |b Penerbitan Fargoes ,   |c 2005 
440 |a Cerita nasihat 
500 |a Children ages 7-9 years old (orange) 
650 0 |a Junior fiction   |x jawi 
650 0 |a Moral 
999 |a 0000899827   |b Book   |c Children Collection   |e Cawangan Tmn. Ungku Tun Aminah 
999 |a 0000899828   |b Book   |c Children Collection   |e Cawangan Tmn. Ungku Tun Aminah 
999 |a 0000899831   |b Book   |c Children Collection   |e Cawangan Tangkak 
999 |a 0000899835   |b Book   |c Children Collection   |e Cawangan Mersing 
999 |a 0000899836   |b Book   |c Children Collection   |e Cawangan Mersing 
999 |a 0000899843   |b Book   |c Children Collection   |e Cawangan Tmn. Ungku Tun Aminah 
999 |a 0000918662   |b Book   |c Children Collection   |e Cawangan Bukit Gambir 
999 |a 0000988417   |b Book   |c Children Collection   |e Cawangan Segamat 
999 |a 0000988418   |b Book   |c Children Collection   |e Perbadanan Perpustakaan Awam Johor 
999 |a 0000988419   |b Book   |c Children Collection   |e Cawangan Urban Transformation Centre 
999 |a 0000988420   |b Book   |c Children Collection   |e Perbadanan Perpustakaan Awam Johor 
999 |a 0001215008   |b Book   |c Children Collection   |e Cawangan Mersing 
999 |a 0001215009   |b Book   |c Children Collection   |e Cawangan Taman Universiti 
999 |a 0001215010   |b Book   |c Children Collection   |e Cawangan Tmn. Ungku Tun Aminah 
999 |a 0001215011   |b Book   |c Children Collection   |e Cawangan Segamat 
999 |a 0001215012   |b Book   |c Adult Collection   |e Cawangan Pontian 
999 |a 0001215013   |b Book   |c Children Collection   |e Cawangan Bukit Gambir 
999 |a 0001215015   |b Book   |c Children Collection   |e Cawangan Taman Universiti 
999 |a 0001215016   |b Book   |c Children Collection   |e Cawangan Kota Tinggi 
999 |a 0001215040   |b Book   |c Children Collection   |e Cawangan Tmn. Ungku Tun Aminah